000 00320nam a2200145Ia 4500
003 OSt
005 20240322151359.0
008 170523s9999 xx 000 0 und d
020 _anil
040 _ciimtu meerut
100 _aKEMONY
245 0 _aEFFRCTIVE MEASURMENTS AND MANAGEMENT
260 _bPHI
942 _2ddc
_c02
999 _c1870
_d1870